000 00386nam a22001577a 4500
008 250714b |||||||| |||| 00| 0 eng d
020 _a8123908873
050 _aQE28
_b.L38
100 _aLathee F.H
245 _aField Ecology
250 _a6th
260 _aNew York
_bMcGraw-Hill Book company Inc.
_c2002
300 _axxxi, 926p.
_bill.
650 _aGeology-Fieldwork
942 _cBK
999 _c4296
_d4296